| 000 | 00915nam a22002297a 4500 | ||
|---|---|---|---|
| 005 | 20180219153624.0 | ||
| 010 | _aB-689589 | ||
| 020 |
_c575.00 _a9789350359525 |
||
| 035 | _aB-689589 | ||
| 037 |
_adpl _bKKP |
||
| 082 | _a344.5401542 | ||
| 100 | _aH.L. Kumar | ||
| 245 |
_aPractical guide to contract labour : _cby H.L. Kumar [and] Gaurav Kumar _bregulation & abolition act & rules / |
||
| 250 | _a10th ed | ||
| 260 |
_aDelhi _bUniversal Law Publishing _c2017 |
||
| 270 |
_aLexisNexis, 14th Floor, Building No.10, DLF Cyber City, Phase-II _bGurgaon _e122002 |
||
| 300 |
_axlvii,424p. _c25cm(pbk) |
||
| 500 | _aIncludes index | ||
| 505 | _a(Rashtrapati Bhawan) | ||
| 942 |
_2ddc _cEN _mHLK _h344.5401542 |
||
| 999 |
_c150032 _d150032 |
||